书目信息 |
| 题名: |
法语专四语法快速突破600题
|
|
| 作者: | 金星 主编 | |
| 分册: | ||
| 出版信息: | 上海 东华大学出版社 2017.03 |
|
| 页数: | 83页 | |
| 开本: | 28cm | |
| 丛书名: | ||
| 单 册: | ||
| 中图分类: | H324-44 | |
| 科图分类: | ||
| 主题词: | 法语 | |
| 电子资源: | ||
| ISBN: | 7-5669-1204-6 | |
| 000 | 00562nam0 2200193 450 | |
| 001 | 1931394474 | |
| 005 | 20190222084445.61 | |
| 010 | @a7-5669-1204-6@dCNY28.00 | |
| 100 | @a20190222d2017 km y0chiy0120 ea | |
| 101 | 0 | @achi |
| 102 | @aCN@b310000 | |
| 200 | 1 | @a法语专四语法快速突破600题@Afa yu zhuan si yu fa kuai su tu po 600 ti@f金星主编@Fjin xing zhu bian |
| 210 | @a上海@c东华大学出版社@d2017.03 | |
| 215 | @a83页@d28cm | |
| 606 | 0 | @a法语 |
| 690 | @aH324-44@v4 | |
| 701 | 0 | @a金星@Ajin xing@4主编 |
| 801 | 0 | @aCN@bMUSE@c20190222 |
| 905 | @aMUSE@dH324-44@eJ812 | |
| 法语专四语法快速突破600题/金星主编.-上海:东华大学出版社,2017.03 |
| 83页;28cm |
| ISBN 7-5669-1204-6:CNY28.00 |
| ● |
| 相关链接 |
|
|
|
正题名:法语专四语法快速突破600题
索取号:H324-44/J812
 
预约/预借
| 序号 | 登录号 | 条形码 | 馆藏地/架位号 | 状态 | 备注 |
| 1 | 1301788 | 213017885 | 生命科学与工程学院资料室/ [索取号:H324-44/J812] | 在馆 |